Monitoring social components of integrated child development services: a pilot project (Record no. 477555)

000 -LEADER
fixed length control field 00397cam a22001217a 4500
008 - FIXED-LENGTH DATA ELEMENTS--GENERAL INFORMATION
fixed length control field 180718b1987 xxu||||| |||| 00| 0 eng d
082 ## - DEWEY DECIMAL CLASSIFICATION NUMBER
Classification number Q43x5461 Sh23
100 ## - MAIN ENTRY--PERSONAL NAME
Personal name Sharma, Adarsh
245 ## - TITLE STATEMENT
Title Monitoring social components of integrated child development services: a pilot project
Statement of responsibility, etc. by Adarsh Sharma
260 ## - PUBLICATION, DISTRIBUTION, ETC.
Place of publication, distribution, etc. Delhi
Name of publisher, distributor, etc. National
Date of publication, distribution, etc. 1987
300 ## - PHYSICAL DESCRIPTION
Extent 153p.
650 ## - SUBJECT ADDED ENTRY--TOPICAL TERM
Topical term or geographic name entry element Child Welfare - India - Delhi
Holdings
Withdrawn status Lost status Damaged status Not for loan Permanent Location Current Location Date acquired Full call number Barcode Date last seen Price effective from Koha item type
        Indian Institute of Public Administration Indian Institute of Public Administration 2018-08-04 Q43x5461 Sh23 GR12161 2018-08-04 2018-08-04 GR

Powered by Koha